Đang tải...

Association mapping for cassava mosaic disease (cmd) resistance in cassava using SSR marker

The present study” Association mapping for Cassava Mosaic Disease (CMD) resistance in cassava using SSR marker” Was conducted to identify the marker which are closely associated with CMD resistance in cassava. 30 CMD resistant and 25 CMD susceptible cassava varieties were analyzed with 2n selected...

Mô tả đầy đủ

Chi tiết về thư mục
Tác giả chính: Aparna, T K
Tác giả khác: Mohan, C (Guide)
Định dạng: Ph.D Thesis
Được phát hành: Vellayani Department of Plant Biotechnology, College of Agriculture 2017
Những chủ đề:
LEADER 02196nam a22001817a 4500
082 |a 660.6  |b APA/AS 
100 |a Aparna, T K 
245 |a Association mapping for cassava mosaic disease (cmd) resistance in cassava using SSR marker 
260 |a Vellayani  |b Department of Plant Biotechnology, College of Agriculture  |c 2017 
300 |a 68p. 
502 |a BSc-MSc (Integrated) 
520 3 |a The present study” Association mapping for Cassava Mosaic Disease (CMD) resistance in cassava using SSR marker” Was conducted to identify the marker which are closely associated with CMD resistance in cassava. 30 CMD resistant and 25 CMD susceptible cassava varieties were analyzed with 2n selected SSR primers. Genomic DNA isolated from the leaves and PCR amplification was done with SSR primers. PCR products were separated by PAGE. Polymorphic bands were used to assign loci for each primer and score as presence (1) or absence (0) of bands. RMEI primer showed double banding pattern in 700bp size for all the resistant accessions. But in case of susceptible accessions only single bands were observed. TASSEL and STRUCTURE software were used ro analyses the data obtained from the PAGE.. Cladogram was constructed using genotypic data. Different clusters were formed. Clusters clearly distinguished CMD resistant and CMD susceptible varieties of cassava. CMD resistant varieties sub divided into three sub clusters. Dissimilarity matrix constructed by the software used for the diversity study of collected cassava accessions. Two markers were associated with CMD resistance was identified by the software. SSR36 are the two markers associated with CMD resistance. Result showed that there are eight sub populations in the cassava population used. Based upon the output obtained from Evanno’s method a bar diagram was constructed. Which shows the distribution of genotypes in different sub populations.  
650 |a Biotechnology 
650 |a Plant Biotechnology 
700 |a Mohan, C (Guide) 
942 |2 ddc  |c TH 
999 |c 160008  |d 160008 
952 |0 0  |1 0  |4 0  |6 660_600000000000000_APAAS  |7 1  |8 REF  |9 158581  |a KAUCLV  |b KAUCLV  |c THESES  |d 2018-04-12  |o 660.6 APA/AS  |p 174185  |r 2018-04-12  |w 2018-04-12  |y TH